A wrinkle in time. (Record no. 110687)
[ view plain ]
| 000 -LEADER | |
|---|---|
| fixed length control field | 00409nam a2200169 a 4500 |
| 003 - CONTROL NUMBER IDENTIFIER | |
| control field | a |
| 005 - DATE AND TIME OF LATEST TRANSACTION | |
| control field | 20250415153655.0 |
| 008 - FIXED-LENGTH DATA ELEMENTS--GENERAL INFORMATION | |
| fixed length control field | 100920s19uu xx 00 eng d |
| 050 ## - LIBRARY OF CONGRESS CALL NUMBER | |
| Classification number | FIC |
| Item number | Wrii946 2007 |
| 082 ## - DEWEY DECIMAL CLASSIFICATION NUMBER | |
| Classification number | FIC |
| Item number | Wrii946 2007 |
| 100 ## - MAIN ENTRY--PERSONAL NAME | |
| Personal name | L'Engle, Madeleine |
| 245 ## - TITLE STATEMENT | |
| Title | A wrinkle in time. |
| 260 ## - PUBLICATION, DISTRIBUTION, ETC. (IMPRINT) | |
| Place of publication, distribution, etc | New York : |
| Name of publisher, distributor, etc | Random House, |
| Date of publication, distribution, etc | 1986. |
| 942 ## - ADDED ENTRY ELEMENTS (KOHA) | |
| Source of classification or shelving scheme | Dewey Decimal Classification |
| Koha item type | Books |
| Withdrawn status | Lost status | Damaged status | Home library | Current library | Shelving location | Date acquired | Total Checkouts | Full call number | Barcode | Date last seen | Price effective from | Koha item type | Source of classification or shelving scheme | Source of acquisition | Sub Shelving location |
|---|---|---|---|---|---|---|---|---|---|---|---|---|---|---|---|
| Munich Library | Munich Library | Fiction Section | 09/20/2010 | FIC En3 2005 | M1154 | 04/14/2014 | 04/14/2014 | Books | |||||||
| Munich Library | Munich Library | Fiction Section | 09/22/2010 | FIC En3 2005 | M1285 | 04/14/2014 | 04/14/2014 | Books | |||||||
| Munich Library | Munich Library | Fiction Section | 04/15/2025 | FIC Wri946 2007 | M8967 | 04/15/2025 | 04/15/2025 | Books | Dewey Decimal Classification | Library Fund | |||||
| Munich Library | Munich Library | Fiction Section | 01/16/2026 | FIC Le566 2007 | M9274 | 01/16/2026 | 01/16/2026 | Books | Dewey Decimal Classification | Library Fund |